| 000 | 00573nam a22002177a 4500 | ||
|---|---|---|---|
| 999 |
_c6878 _d6878 |
||
| 001 | 6878 | ||
| 003 | BD-JhCC | ||
| 005 | 20180131130536.0 | ||
| 008 | 171031s1964 e |||| ||a| 001 0 eng d | ||
| 035 | _a(BD-JhCC)6878 | ||
| 040 |
_aBD-JhCC _dBD-JhCC |
||
| 041 | _aeng | ||
| 082 |
_a297.5 _bARB 1964 |
||
| 100 | _aArberry, A. J. | ||
| 245 |
_aAspects of Islamic Civilization / _cA. J. Arberry |
||
| 260 |
_aLondon : _bGeorge Allen and Unwin Ltd, _c1964. |
||
| 300 |
_a408 p. : _c22 cm. |
||
| 650 | _aIslamic Civilization | ||
| 942 |
_2ddc _cBK |
||